Zaměstnávání lidí 50+

Problematika zamestnávania osôb 50+ sa stává dôležitou témou v oblasti zamestnávania. Výskum, ktorého cieľom bolo zistiť dôvody zmeny zamestnania osôb starších ako 50 rokov. Čas hľadania nového zamestnania, výhody a nevýhody veku 50 a viac rokov a kariérne plány oslovenej vekovej skupiny. Nové nástr...

Ausführliche Beschreibung

Gespeichert in:
Bibliographische Detailangaben
1. Verfasser: Legnerová, Kateřina
Weitere Verfasser: Dohnalová, Marie
Format: Buchkapitel
Sprache:Tschechisch
Schlagworte:
Tags: Tag hinzufügen
Keine Tags, Fügen Sie das erste Tag hinzu!

MARC

LEADER 00000naa a2200000 4500
001 0278498
005 20210916093510.2
041 0 |a cze 
044 |a CZ 
245 1 0 |a Zaměstnávání lidí 50+  |c Kateřina Legnerová, Marie Dohnalová 
520 |a Problematika zamestnávania osôb 50+ sa stává dôležitou témou v oblasti zamestnávania. Výskum, ktorého cieľom bolo zistiť dôvody zmeny zamestnania osôb starších ako 50 rokov. Čas hľadania nového zamestnania, výhody a nevýhody veku 50 a viac rokov a kariérne plány oslovenej vekovej skupiny. Nové nástroje a formy, ako zamestnávať osoby 50+ a umožniť im pokračovať pracovne sa uplatniť. 
610 2 0 |a zamestnanosť 
610 2 0 |a trh práce 
610 2 0 |a nástroje politiky sociálnej 
610 2 0 |a zamestnávatelia 
610 2 0 |a zamestnanci 
610 2 0 |a kariéra 
610 2 0 |a skupiny vekové 
610 2 0 |a výskum aplikovaný 
100 1 |a Legnerová, Kateřina 
700 1 |a Dohnalová, Marie